000 00544nam a2200181Ia 4500
003 OSt
005 20260119094730.0
008 210210b1961 xxu||||| |||| 00| 0 eng d
040 _cAL
041 _aKannada
082 _a859/378
100 _aKRASHNAMURTI PURANIKA
_9138639
_dಕೃಷ್ಣಮೂರ್ತಿ ಪುರಾಣಿಕ
245 _aKonnara kinkini
_bಕೊನ್ನಾರ ಕಿಂಕಿಣಿ
260 _aBengaluru
_bSharada Prakatanalalya
_c1961
690 _aKannada Fiction
_9138642
906 _a021248
942 _2ddc
_cBK
999 _c145312
_d145312